Strategie Evropské unie vůči zemím západního Balkánu

Európska únia a západný Balkán do roku 1999. Kríza v Kosove. Nástroje používane Európskou úniou vo vzťahu ku krajinám západného Balkánu.

Salvato in:
Dettagli Bibliografici
Autore principale: Levíček, Jaromír
Natura: Capitolo di libro
Lingua:ceco
Soggetti:
Tags: Aggiungi Tag
Nessun Tag, puoi essere il primo ad aggiungerne!!

MARC

LEADER 00000naa a2200000 4500
001 r049653
005 20231004105921.3
041 0 |a cze 
044 |a CZ 
245 1 0 |a Strategie Evropské unie vůči zemím západního Balkánu  |c Jaromír Levíček 
520 |a Európska únia a západný Balkán do roku 1999. Kríza v Kosove. Nástroje používane Európskou úniou vo vzťahu ku krajinám západného Balkánu. 
610 2 0 |a politika medzinárodná 
610 2 0 |a Balkán 
610 2 0 |a Európska únia 
610 2 0 |a pomoc finančná 
610 2 0 |a pomoc hospodárska 
610 2 0 |a pomoc medzinárodná 
610 2 0 |a pomoc rozvojová 
100 1 |a Levíček, Jaromír